01539nam a2200433 i 450000100060000000300090000600500170001500800390003201500170007102000150008804000280010304100080013104600090013908000080014808000120015624501420016826000360031030000410034633600270038733700540041433800280046838000160049638000280051238500390054038800140057938800140059349000420060750400260064965000240067565100110069965500300071065800510074070000430079170000440083470000520087871000400093083000370097085600980100733811KOSZ 00520201103125457.0050105s1998 pl a f f |000 0 pol aPB 2149/2005 a8371641087 aWA NcWA NdKOSZ 005/HR0 apol k1998 a304 a(075.8)00aPolityka społeczna :bmateriały do studiowania /cpod red. Antoniego Rajkiewicza, Jolanty Supińskiej, Mirosława Księżopolskiego. aKatowice :b"Śląsk",c1998. a304, [2] s. :brys., wykr. ;c21 cm. 2rdacontentaTekstbtxt 2rdamediaaBez urządzenia pośredniczącegobn 2rdacarrieraWoluminbnc aKsiążki aPublikkacje dydaktyczne mPoziom nauczaniaaSzkoły wyższe a1901-2000 a1989-20001 aBPS Biblioteka Pracownika Socjalnego. aBibliogr. przy rozdz. 4aPolityka społeczna 7aPolska 4aPodręczniki akademickie aPolityka, politologia, administracja publiczna1 aRajkiewicz, Antonid(1922- )eRedakcja1 aSupińska, Jolantad(1944- )eRedakcja1 aKsiężopolski, Mirosławd(1952- )eRedakcja2 aWydawnictwo Naukowe Śląsk4pbl. 0aBiblioteka Pracownika Socjalnego uhttp://koha.tu.koszalin.pl/cgi-bin/koha/opac-detail.pl?biblionumber=33811yKatalog online BPK